INSPEC příručka pro uživatele

Saved in:
Bibliographic Details
Main Author: Vaňo, Marián
Format: Book
Language:Czech
Published: Praha Ústředí vědeckých, technických a ekonomických informací 1984
Tags: Add Tag
No Tags, Be the first to tag this record!

MARC

LEADER 00000nam a2200000 4500
001 c029849
005 20250926122319.4
041 0 |a cze 
044 |a CZ 
245 1 0 |a INSPEC  |b příručka pro uživatele  |c Marian Vaňo 
264 1 |a Praha  |b Ústředí vědeckých, technických a ekonomických informací  |c 1984 
300 |a 79 s. 
100 1 |a Vaňo, Marián